[Event "Titled Tue 26th Aug Early"]
[Site "chess.com INT"]
[Date "2025.08.26"]
[Round "5"]
[White "Jimenez Salas, Maria Teresa"]
[Black "Iskusnyh, Sergei"]
[Result "1-0"]
[WhiteTitle "WIM"]
[BlackTitle "GM"]
[WhiteElo "2249"]
[BlackElo "2440"]
[WhiteFideId "3843866"]
[BlackFideId "4120027"]
[EventDate "2025.08.26"]

1. e4 e6 2. d4 d5 3. Nc3 Nf6 4. Bg5 dxe4 5. Nxe4 Nbd7 6. Nxf6+ Nxf6 7. Bd3 h6 8.
Bh4 c5 9. dxc5 Bxc5 10. Bb5+ Ke7 11. Qe2 Qd4 12. Bxf6+ gxf6 13. c3 Qe5 14. Nf3
Qxe2+ 15. Kxe2 Rg8 16. g3 e5 17. Rad1 Be6 18. b3 Rac8 19. Bd3 Bd6 20. c4 f5 21.
Nh4 e4 22. Bb1 Be5 23. f3 Bf6 24. fxe4 Bxh4 25. gxh4 f4 26. Rdg1 Bg4+ 27. Ke1
Rcd8 28. Bc2 Kf6 29. h3 Bf3 30. Rxg8 Rxg8 31. Rf1 Rg3 32. Bd1 Bxd1 33. Kxd1 Ke5
34. Re1 Rxh3 35. Kc2 Rxh4 36. b4 Rh3 37. c5 f3 38. Kd2 Kf4 39. e5 f2 40. Rf1 Kf3
41. b5 Kg2 42. Ke2 Re3+ 43. Kxe3 Kxf1 44. c6 bxc6 45. bxc6 Kg2 46. c7 f1=Q 47.
c8=Q Qf3+ 48. Kd4 Qf2+ 49. Ke4 Qe2+ 50. Kf5 Qxa2 51. Qc6+ 1-0

[Event "Titled Tue 26th Aug Early"]
[Site "chess.com INT"]
[Date "2025.08.26"]
[Round "5"]
[White "Brodowski, Piotr"]
[Black "Pribelszky, Bence"]
[Result "1-0"]
[WhiteTitle "IM"]
[BlackTitle "IM"]
[WhiteElo "2457"]
[BlackElo "2428"]
[WhiteFideId "1124480"]
[BlackFideId "769738"]
[EventDate "2025.08.26"]

1. e4 e5 2. Nf3 Nf6 3. Nxe5 d6 4. Nf3 Nxe4 5. Nc3 Nxc3 6. dxc3 Be7 7. Bf4 Nd7 8.
Qd2 Bf6 9. O-O-O O-O 10. g4 Ne5 11. Nxe5 dxe5 12. Qxd8 Rxd8 13. Rxd8+ Bxd8 14.
Bxe5 Bxg4 15. Rg1 f6 16. Bc4+ Kf8 17. Bd4 h5 18. Bc5+ Be7 19. Bxe7+ Kxe7 20. f3
Bxf3 21. Rxg7+ Kd6 22. Rf7 Ke5 23. Rxc7 Rd8 24. Bd3 Rg8 25. Kd2 Rg2+ 26. Ke3 Bc6
27. b4 Rxh2 28. b5 Rh3+ 29. Kf2 Bh1 30. a4 h4 31. a5 Kf4 32. Rc4+ Kg5 33. Rc5+
Kh6 34. Rc7 Rg3 35. a6 bxa6 36. bxa6 Rg7 37. Rc4 Kg5 38. Rc5+ Kh6 39. Rf5 h3 40.
Rxf6+ Kg5 41. Rf5+ Kg4 42. Rf8 h2 43. Be2+ Kg5 44. Rh8 Be4 45. Rxh2 Bxc2 46. Ke3
Kf6 47. Kd4 Ke6 48. Bf3 Ba4 49. Bd5+ Kd6 50. c4 Kc7 51. Kc5 Re7 52. Rb2 Kc8 53.
Kd6 Rd7+ 54. Kc5 Rc7+ 55. Kd4 Bc6 56. Be6+ Bd7 57. Bd5 Bc6 58. Ke5 Bxd5 59. cxd5
Re7+ 60. Kd6 Rh7 61. Re2 Rh6+ 62. Re6 Rh7 63. Re8# 1-0

[Event "Titled Tue 26th Aug Early"]
[Site "chess.com INT"]
[Date "2025.08.26"]
[Round "5"]
[White "Javakhadze, Zurab"]
[Black "Devaev, Alexander"]
[Result "0-1"]
[WhiteTitle "IM"]
[BlackTitle "FM"]
[WhiteElo "2417"]
[BlackElo "2306"]
[WhiteFideId "13603647"]
[BlackFideId "4169395"]
[EventDate "2025.08.26"]

1. e4 c6 2. d4 d5 3. e5 Bf5 4. Nf3 e6 5. Be2 Nd7 6. O-O h6 7. Nbd2 Ne7 8. Nb3
Bg6 9. Ne1 Nf5 10. Nd3 Be7 11. c3 O-O 12. f4 b6 13. g4 Nh4 14. Be3 Rc8 15. Nd2
c5 16. Qe1 cxd4 17. cxd4 Rc2 18. Rc1 Bxd3 19. Bxd3 Rxb2 20. f5 Bg5 21. f6 gxf6
22. Bxg5 fxg5 23. Qe3 Kg7 24. Bb1 Qe7 25. Qc3 Rxb1 26. Rxb1 Ng6 27. Rbc1 Nf4 28.
Qe3 b5 29. Nf3 Nb6 30. h4 Nc4 31. Qe1 f6 32. Qg3 a6 33. Qh2 Qf7 34. Rce1 Qg6 35.
exf6+ Rxf6 36. hxg5 hxg5 37. Rf2 Nd3 38. Rff1 Nxe1 39. Nxe1 Rxf1+ 40. Kxf1 Qf6+
41. Ke2 Qxd4 42. Qc7+ Kg6 43. Qc8 Qe5+ 44. Kf1 Qf6+ 45. Kg2 Ne5 46. Qg8+ Kh6 47.
Qe8 Ng6 48. Qd7 d4 49. Nf3 Nf4+ 50. Kg3 e5 51. Qe8 Ng6 52. Qd7 Qf4+ 53. Kg2 e4
54. Nh2 e3 0-1

[Event "Titled Tue 26th Aug Early"]
[Site "chess.com INT"]
[Date "2025.08.26"]
[Round "5"]
[White "Fronda, Jan Jodilyn"]
[Black "Turgut, Hakan"]
[Result "0-1"]
[WhiteTitle "WIM"]
[BlackTitle "CM"]
[WhiteElo "2115"]
[BlackElo "2219"]
[WhiteFideId "5204585"]
[BlackFideId "26304740"]
[EventDate "2025.08.26"]

1. e4 g6 2. d4 Bg7 3. Nf3 d6 4. h3 Nf6 5. Bd3 O-O 6. O-O c5 7. c3 a6 8. Re1 Nc6
9. a3 e5 10. dxc5 dxc5 11. Be3 Qe7 12. Nbd2 Rd8 13. Qc2 b5 14. b4 Nd7 15. Bf1
Bb7 16. Nb3 c4 17. Nc5 Nxc5 18. Bxc5 Qc7 19. Rad1 Na5 20. Nd2 Bh6 21. Be3 Bxe3
22. Rxe3 Nc6 23. Nf3 Rxd1 24. Qxd1 a5 25. a4 Rd8 26. Qb1 bxa4 27. Bxc4 Nxb4 28.
cxb4 Qxc4 29. bxa5 Qc7 30. Qb4 Rd1+ 31. Kh2 Ra1 32. g3 h6 33. Nxe5 Qxe5 34. Qxb7
Qxa5 35. Qc8+ Kg7 36. Qc3+ Qxc3 37. Rxc3 a3 38. Kg2 Kf6 39. Rc6+ Ke5 40. Kf3 Rb1
41. Ra6 Rb3+ 42. Kg4 Kxe4 43. Ra4+ Kd3 44. f4 Kc2 45. Ra7 Kb2 46. Rxf7 a2 47.
Ra7 Ra3 48. Rb7+ Kc2 49. Rc7+ Kd1 50. Rd7+ Ke2 51. Re7+ Kf2 52. Rc7 a1=Q 53.
Rc2+ Ke3 54. Rc6 Qd1+ 55. Kh4 Qh5# 0-1

[Event "Titled Tue 26th Aug Early"]
[Site "chess.com INT"]
[Date "2025.08.26"]
[Round "5"]
[White "Izafatava, Kira"]
[Black "Nassr, Ahmed"]
[Result "1/2-1/2"]
[WhiteTitle "WCM"]
[BlackTitle "IM"]
[WhiteElo "1945"]
[BlackElo "2153"]
[WhiteFideId "13521705"]
[BlackFideId "7904860"]
[EventDate "2025.08.26"]

1. e4 c5 2. Nf3 e6 3. c3 Nf6 4. e5 Nd5 5. d4 cxd4 6. cxd4 Nc6 7. Nc3 d6 8. Bc4
Nxc3 9. bxc3 dxe5 10. dxe5 Qxd1+ 11. Kxd1 Bc5 12. Ke2 Ke7 13. Rd1 b6 14. Be3
Bxe3 15. Kxe3 Bb7 16. Rd2 Rhd8 17. Rad1 h6 18. h4 Rxd2 19. Rxd2 Rd8 20. Bd3 f6
21. exf6+ gxf6 22. Be4 f5 23. Rxd8 Kxd8 24. Bxc6 Bxc6 25. Nd4 Bd5 26. a3 Kd7 27.
g3 a6 28. f3 Kd6 29. g4 fxg4 30. fxg4 Kc5 31. g5 hxg5 32. hxg5 Kc4 33. Kd2 e5
34. Nc2 a5 35. g6 Bg8 36. g7 Kb3 37. Kc1 e4 38. Kd2 e3+ 39. Nxe3 Kxa3 40. Nc2+
Kb2 41. Nd4 a4 42. Nb5 a3 43. Nxa3 Kxa3 44. Kd3 Kb3 45. Kd4 b5 46. Kd3 Ka4 47.
Kd4 Ka5 48. Kc5 Ka6 49. Kb4 Kb6 50. Ka3 Kc5 51. Kb2 Kc4 52. Kc2 Kc5 53. Kb2 Kd6
54. Ka3 Ke7 55. Kb4 Kf7 56. Kxb5 Kxg7 57. Kc5 Kf6 58. Kb5 Ke5 59. c4 Bxc4+ 1/2-1/2

[Event "Titled Tue 26th Aug Early"]
[Site "chess.com INT"]
[Date "2025.08.26"]
[Round "5"]
[White "Unsal, Gorkem"]
[Black "Kuznetsov, Felix"]
[Result "1/2-1/2"]
[WhiteTitle "CM"]
[BlackTitle "FM"]
[WhiteElo "2145"]
[BlackElo "2171"]
[WhiteFideId "51607484"]
[BlackFideId "34147990"]
[EventDate "2025.08.26"]

1. e4 c5 2. Nf3 Nc6 3. Bb5 d6 4. O-O Bd7 5. Re1 Nf6 6. c3 a6 7. Bf1 Bg4 8. d4
cxd4 9. cxd4 Bxf3 10. gxf3 d5 11. e5 Nh5 12. f4 g6 13. Nc3 e6 14. Be3 Bh6 15.
Qg4 O-O 16. Bd3 f5 17. Qf3 Qh4 18. Ne2 Kh8 19. Kh1 Rg8 20. Rg1 Rg7 21. Rac1 Rag8
22. Bxa6 Nxe5 23. dxe5 bxa6 24. Rc6 g5 25. Rxe6 Qg4 26. Rxg4 fxg4 27. Qxg4 gxf4
28. Qxh5 fxe3 29. Rxh6 exf2 30. Rxh7+ Rxh7 31. Qf3 d4 32. Qxf2 d3 33. Nf4 Rd8
34. Ng6+ Kg8 35. Qd2 Rc7 36. Nh4 Kf7 37. Qf4+ Ke6 38. Qf6+ Kd7 39. Qf5+ Kc6 40.
Qe4+ Kb6 41. Qe3+ Kb7 42. Nf3 Kc8 43. h4 d2 44. Nxd2 Rc1+ 45. Kh2 Rc2 46. Qh3+
Kc7 47. Qf5 Rcxd2+ 48. Kg3 Rg8+ 49. Kf3 Rgd8 50. e6 R8d3+ 51. Ke4 Kd6 52. Qe5+
Ke7 53. Qc7+ Kxe6 54. Qb6+ Rd6 55. Qb3+ Ke7 56. Qb7+ Ke6 57. Qb3+ Kf6 58. Qf3+
Ke7 59. Qh5 R6d4+ 60. Ke3 R4d3+ 61. Ke4 Rd4+ 62. Ke3 R4d3+ 63. Ke4 Rd4+ 1/2-1/2

[Event "Titled Tue 26th Aug Early"]
[Site "chess.com INT"]
[Date "2025.08.26"]
[Round "5"]
[White "Levi, Eddy L"]
[Black "Yeung, Jason"]
[Result "1-0"]
[WhiteTitle "FM"]
[BlackTitle "FM"]
[WhiteElo "2147"]
[BlackElo "2158"]
[WhiteFideId "3200183"]
[BlackFideId "8203970"]
[EventDate "2025.08.26"]

1. e4 c5 2. Nc3 Nc6 3. f4 g6 4. Nf3 Bg7 5. Bc4 e6 6. f5 Nge7 7. fxe6 dxe6 8. d3
O-O 9. O-O Nd4 10. Nxd4 Qxd4+ 11. Kh1 a6 12. a4 Nc6 13. Qe1 Qe5 14. Qh4 Nd4 15.
Bf4 Qf6 16. Qxf6 Bxf6 17. Bd6 Nxc2 18. Rac1 Bxc3 19. Rxc2 Rd8 20. Bxc5 Bd4 21.
Bxd4 Rxd4 22. Kg1 Bd7 23. a5 Bc6 24. Kf2 Rad8 25. Ke3 Kg7 26. Rcf2 R4d7 27. b4
Bb5 28. Bxb5 axb5 29. Rd1 Rd4 30. Rc2 Rxb4 31. Rc7 Ra8 32. Rf1 Rf8 33. Ra1 Rb3
34. Rxb7 Rd8 35. Rf1 Rbxd3+ 36. Ke2 Rd2+ 37. Ke1 Rd1+ 38. Ke2 R8d2+ 39. Ke3 Rd3+
40. Ke2 Rxf1 41. Kxd3 Rb1 42. a6 Ra1 43. a7 Kf6 44. Kd4 Ra4+ 45. Kc5 b4 46. Kb5
Ra1 47. Kxb4 h5 48. Kc5 h4 49. Kb6 Rb1+ 50. Kc6 Rc1+ 51. Kd7 Rd1+ 52. Kc8 Rc1+
53. Kb8 Ra1 54. a8=Q Rxa8+ 55. Kxa8 g5 56. Rb5 Kg6 57. Kb7 f5 58. exf5+ exf5 59.
Kc6 g4 60. Kd5 Kg5 61. Ke5 g3 62. hxg3 hxg3 63. Rb4 Kh5 64. Kxf5 Kh6 65. Rg4 Kh5
66. Rxg3 Kh4 67. Rg4+ Kh5 68. g3 Kh6 69. Rh4+ Kg7 70. g4 Kf7 71. g5 Kg7 72. g6
Kg8 73. Kf6 Kf8 74. Rh8# 1-0

[Event "Titled Tue 26th Aug Early"]
[Site "chess.com INT"]
[Date "2025.08.26"]
[Round "5"]
[White "Harriott, Tyrell"]
[Black "Nandish V S"]
[Result "1-0"]
[BlackTitle "CM"]
[WhiteElo "1933"]
[BlackElo "2251"]
[WhiteFideId "2086484"]
[BlackFideId "45084297"]
[EventDate "2025.08.26"]

1. d4 Nf6 2. e3 d5 3. Bd3 c5 4. c3 Nc6 5. f4 e6 6. Nf3 Bd6 7. Ne5 Qc7 8. Nd2 Bd7
9. O-O Ne7 10. Qf3 h5 11. Qh3 Nf5 12. Ndf3 Nh6 13. Ng5 Nfg4 14. Qxh5 O-O-O 15.
Nxg4 g6 16. Qxh6 Rxh6 17. Nxh6 Be8 18. Ng4 Qe7 19. Nf3 f6 20. Nf2 g5 21. Bd2 Bh5
22. g4 Bf7 23. h3 Qc7 24. f5 e5 25. dxe5 fxe5 26. e4 c4 27. Bc2 d4 28. Bxg5 Rd7
29. Rad1 d3 30. Ba4 Bc5 31. Bxd7+ Qxd7 32. Nxe5 Qc7 33. Bf6 Bd6 34. Nxf7 Qxf7
35. Bd4 Bb8 36. Rfe1 Bf4 37. e5 Qh7 38. Kg2 Qh4 39. Re3 Bxe3 40. Bxe3 Kd7 41.
Bf4 Ke8 42. Bg3 Qe7 43. Ne4 Qc7 44. e6 Qc6 45. Kf3 Qa4 46. Rd2 Qxa2 47. f6 Qb1
48. f7+ Ke7 49. Bd6+ Kxe6 50. f8=Q Qf1+ 51. Rf2 Qd1+ 52. Kg3 Qg1+ 53. Kh4 Kd5
54. Qf7+ Kc6 55. Qxc4+ 1-0

[Event "Titled Tue 26th Aug Early"]
[Site "chess.com INT"]
[Date "2025.08.26"]
[Round "5"]
[White "Ugarte Soto, Cesar"]
[Black "Zampronha, Wladimir Camilo"]
[Result "1/2-1/2"]
[WhiteTitle "CM"]
[WhiteElo "2088"]
[BlackElo "2157"]
[WhiteFideId "3601331"]
[BlackFideId "2103087"]
[EventDate "2025.08.26"]

1. d4 Nf6 2. Bg5 Ne4 3. Bf4 c5 4. e3 d5 5. Bxb8 Rxb8 6. c3 b6 7. Nd2 Nxd2 8.
Qxd2 e6 9. Nf3 Bd6 10. Bb5+ Bd7 11. Bd3 O-O 12. O-O Qc7 13. h3 Rbe8 14. Rad1 f6
15. Qc2 f5 16. Rfe1 c4 17. Bf1 b5 18. a3 a5 19. Rc1 Rb8 20. b4 cxb3 21. Qxb3
Rfc8 22. Bd3 Qd8 23. Rc2 Rc7 24. Rec1 Qe7 25. Ra1 a4 26. Qb2 Qe8 27. Qc1 Rbc8
28. Rb1 Qe7 29. Ra1 g5 30. Qf1 Rxc3 31. Rxc3 Rxc3 32. Bxb5 Rxa3 33. Rc1 h6 34.
Bxd7 Qxd7 35. Qa6 Rb3 36. g3 Rb8 37. Rc6 Rd8 38. Qxa4 Qb7 39. Qa6 Qxa6 40. Rxa6
Kf7 41. Kg2 Kf6 42. g4 Rd7 43. Rc6 Ke7 44. gxf5 exf5 45. Ne1 Rc7 46. Ra6 Rc3 47.
Ra7+ Rc7 48. Ra6 Rc3 49. Ra7+ Rc7 50. Ra8 Rc3 51. Rh8 f4 52. exf4 Bxf4 53. Rxh6
Rc4 54. Nf3 Rc3 55. Rh7+ Ke6 56. Rg7 Kf6 57. Rd7 Ke6 58. Rg7 Kf6 59. Rd7 Ke6 60.
Rg7 1/2-1/2

[Event "Titled Tue 26th Aug Early"]
[Site "chess.com INT"]
[Date "2025.08.26"]
[Round "5"]
[White "Perez Gormaz, Matias"]
[Black "Bardyk, Artem"]
[Result "0-1"]
[WhiteTitle "IM"]
[BlackTitle "FM"]
[WhiteElo "2381"]
[BlackElo "2332"]
[WhiteFideId "3406342"]
[BlackFideId "34349979"]
[EventDate "2025.08.26"]

1. e4 c6 2. d4 d5 3. exd5 cxd5 4. Bd3 Nc6 5. c3 Nf6 6. Bf4 Bg4 7. Qb3 Qc8 8. Nd2
e6 9. Ngf3 Be7 10. O-O O-O 11. Qc2 Bh5 12. a3 Bg6 13. Bxg6 hxg6 14. Bg5 Qc7 15.
Bxf6 gxf6 16. h4 Kg7 17. g3 Rh8 18. Qd3 Rad8 19. Kg2 e5 20. Qe3 e4 21. Ng1 f5
22. Ne2 Bd6 23. Rh1 Rh5 24. f4 Qb6 25. Rab1 Ne7 26. Nf1 Bxa3 27. Qd2 Ng8 28. Ne3
Be7 29. g4 fxg4 30. Ng3 Rh8 31. h5 Nf6 32. hxg6 fxg6 33. Qe2 Qa6 34. Qxa6 bxa6
35. Rxh8 Rxh8 36. Ra1 Rb8 37. b4 Rb6 38. Ra5 Rc6 39. Nxd5 Nxd5 40. Rxd5 Rxc3 41.
Rd7 Rc2+ 42. Kf1 Kf8 43. Rxa7 Bxb4 44. Rxa6 e3 45. Rxg6 Rf2+ 46. Kg1 Rxf4 47.
Re6 Rf3 48. Nf1 Bd2 49. d5 Kf7 50. Re4 Kf6 51. d6 Kf5 52. Nxd2 exd2 53. Rd4 Ra3
54. d7 Ra1+ 55. Kg2 d1=Q 56. d8=Q Qf3+ 57. Kh2 Rh1# 0-1

[Event "Titled Tue 26th Aug Early"]
[Site "chess.com INT"]
[Date "2025.08.26"]
[Round "5"]
[White "Kourkoulos-Arditis, Stamatis"]
[Black "Omariev, Maksim"]
[Result "0-1"]
[WhiteTitle "GM"]
[BlackTitle "FM"]
[WhiteElo "2581"]
[BlackElo "2304"]
[WhiteFideId "4221990"]
[BlackFideId "4193423"]
[EventDate "2025.08.26"]

1. d4 h5 2. e4 d5 3. exd5 Qxd5 4. Nc3 Qd8 5. Bc4 Nf6 6. Nf3 Bf5 7. Bg5 e6 8. Qe2
Be7 9. O-O-O c6 10. Rhe1 Nbd7 11. Nh4 Bh7 12. Kb1 Nb6 13. Bb3 Qc7 14. Nf3 O-O-O
15. Ne5 Bd6 16. a3 Kb8 17. f4 Bf5 18. h3 Rdf8 19. Ka1 Nfd5 20. Nxd5 cxd5 21. Bh4
f6 22. Nd3 Re8 23. Bf2 Bxf4 24. Nxf4 Qxf4 25. Bg1 Ka8 26. a4 a6 27. a5 Nc8 28.
Kb1 Qc7 29. Qd2 Nd6 30. Bh2 Qc6 31. Qb4 Ne4 32. Re3 Rc8 33. Ka2 h4 34. Rde1 g5
35. c3 Qb5 36. Qxb5 axb5 37. Bc2 Ka7 38. b4 Ka6 39. Kb2 Rc6 40. Bd3 Rhc8 41.
Bxe4 Bxe4 42. g3 hxg3 43. Bxg3 f5 44. h4 f4 45. hxg5 fxe3 46. Rxe3 Rf8 47. Be5
Rf3 48. Re2 Rcxc3 49. Rh2 Rb3+ 50. Ka2 Ra3+ 51. Kb2 Rfb3+ 52. Kc1 Ra1+ 53. Kd2
Ra2+ 54. Kc1 Rxh2 55. Bxh2 Rb1+ 56. Kd2 Rh1 57. Bf4 Rh4 58. Ke3 Rg4 0-1

[Event "Titled Tue 26th Aug Early"]
[Site "chess.com INT"]
[Date "2025.08.26"]
[Round "5"]
[White "Xiong, Jeffery"]
[Black "Liang, Awonder"]
[Result "1/2-1/2"]
[WhiteTitle "GM"]
[BlackTitle "GM"]
[WhiteElo "2650"]
[BlackElo "2696"]
[WhiteFideId "2047640"]
[BlackFideId "2056437"]
[EventDate "2025.08.26"]

1. e4 b6 2. d4 Bb7 3. Bd3 e6 4. Nf3 d6 5. O-O Nd7 6. Re1 g6 7. a4 a6 8. c4 Bg7
9. a5 Ne7 10. axb6 cxb6 11. Nc3 O-O 12. Bg5 h6 13. Bh4 g5 14. Bg3 e5 15. Nd5 Ng6
16. h3 Re8 17. b4 a5 18. bxa5 Rxa5 19. Rxa5 bxa5 20. Ne3 exd4 21. Nf5 Nde5 22.
Nxg7 Kxg7 23. Nxd4 Bc8 24. Bf1 Nf4 25. Nb5 Qf6 26. Nxd6 Rd8 27. c5 Bd7 28. Qa1
a4 29. Nc4 Nxc4 30. Bxc4 Qxa1 31. Rxa1 Bc6 32. Bxf4 gxf4 33. Bd5 Bxd5 34. exd5
Rxd5 35. Rxa4 Rxc5 36. Rxf4 h5 37. Kh2 Kg6 38. Kg3 Rb5 39. Kh4 Rc5 40. Ra4 Rc2
41. Rf4 Rb2 42. g4 hxg4 43. hxg4 Rc2 44. g5 Rc1 45. Rf6+ Kg7 46. f4 Rc5 47. Kg4
Rb5 48. Rd6 Rc5 49. Rd7 Rc1 50. Rd3 Rb1 51. Rg3 f6 52. Ra3 fxg5 53. Kxg5 Rb6 54.
Ra7+ Kf8 55. Rd7 Ra6 56. f5 Rb6 57. Rh7 Ra6 58. Rb7 Rc6 59. Rh7 Ra6 60. Rh8+ Kf7
61. Rb8 Rc6 62. Rb7+ Kf8 63. Rh7 Rb6 64. Rh6 Rxh6 65. Kxh6 Kf7 66. Kg5 Kg7 67.
f6+ Kf7 68. Kf5 Kf8 69. Ke6 Ke8 70. f7+ Kf8 71. Kf6 1/2-1/2

[Event "Titled Tue 26th Aug Early"]
[Site "chess.com INT"]
[Date "2025.08.26"]
[Round "5"]
[White "Zaw, Ye Htut"]
[Black "Buksa, Nataliya"]
[Result "1/2-1/2"]
[WhiteTitle "CM"]
[BlackTitle "IM"]
[WhiteElo "2074"]
[BlackElo "2400"]
[WhiteFideId "13013955"]
[BlackFideId "14123622"]
[EventDate "2025.08.26"]

1. e4 d6 2. d4 Nf6 3. Nc3 g6 4. Nf3 Bg7 5. Bf4 Nc6 6. d5 Nb8 7. Qd2 a6 8. Bh6
Bxh6 9. Qxh6 b5 10. a3 Nbd7 11. h3 Ne5 12. Nxe5 dxe5 13. Be2 Bb7 14. O-O Qd6 15.
f4 c6 16. Qg5 exf4 17. Rad1 cxd5 18. exd5 Rd8 19. Rxf4 h6 20. Qg3 g5 21. Rf3
Nxd5 22. Qf2 Qe6 23. Rfd3 O-O 24. Bg4 Qe5 25. Re1 Qf6 26. Nxd5 Qxf2+ 27. Kxf2
Rxd5 28. Rxd5 Bxd5 29. Rxe7 Rd8 30. Ra7 Rd6 31. Be2 Kg7 32. Bd3 Kf6 33. a4 bxa4
34. Rxa6 Rxa6 35. Bxa6 Bc6 36. Bc4 Be8 37. g3 Ke5 38. Ke3 f5 39. Bg8 Bc6 40. c4
f4+ 41. gxf4+ gxf4+ 42. Kf2 Kd4 43. h4 Kd3 44. c5 Kd4 45. Bh7 Kxc5 46. Bd3 Kd4
47. Be2 Kc5 48. Bd3 Kb4 49. Bc2 Bd5 50. Bd1 Be4 51. Kg1 a3 52. bxa3+ Kxa3 53.
Kf2 Kb2 54. Bf3 Bf5 55. Bd5 Bg4 56. Bf3 Be6 57. Be4 Bg4 58. Bf3 Bf5 59. Bd5 Bg4
60. Bf3 1/2-1/2

[Event "Titled Tue 26th Aug Early"]
[Site "chess.com INT"]
[Date "2025.08.26"]
[Round "5"]
[White "Gibala, Adam"]
[Black "Rahman, Masruri"]
[Result "1/2-1/2"]
[WhiteTitle "FM"]
[BlackTitle "IM"]
[WhiteElo "2300"]
[BlackElo "2407"]
[WhiteFideId "21070288"]
[BlackFideId "7101163"]
[EventDate "2025.08.26"]

1. Nf3 d5 2. c4 c6 3. e3 Nf6 4. b3 g6 5. Bb2 Bg7 6. Be2 O-O 7. O-O a5 8. a3 Bg4
9. d3 Nbd7 10. Nbd2 Re8 11. h3 Bxf3 12. Bxf3 e5 13. Rc1 e4 14. dxe4 dxe4 15. Be2
Nc5 16. Qc2 Nd3 17. Bxf6 Bxf6 18. Rcd1 Nb2 19. Rb1 Nd3 20. Rfd1 Qe7 21. Nxe4
Qxe4 22. Rxd3 Qe7 23. a4 Be5 24. Rbd1 Rad8 25. Rxd8 Rxd8 26. Rxd8+ Qxd8 27. Qd3
Qe7 28. g3 h5 29. h4 Bd6 30. Kg2 Kg7 31. Qc3+ Qe5 32. Qxe5+ Bxe5 33. f4 Bc3 34.
e4 Kf6 35. g4 hxg4 36. Bxg4 Ke7 37. Kf3 Be1 38. h5 gxh5 39. Bxh5 f6 40. e5 fxe5
41. fxe5 Bc3 42. Ke4 b6 43. Kf5 c5 44. Bg4 Bb2 45. Ke4 Bc3 46. Kd5 Bb2 47. Bh3
Kd8 48. Kd6 Bc1 49. e6 Bf4+ 50. Kc6 Bd2 51. Kd6 Bf4+ 52. Kc6 Bd2 53. Kxb6 Bb4
54. Kc6 Ke7 55. Kd5 Ba3 56. Kc6 Bb4 57. Kb5 Kd6 58. Bg4 Ke7 59. Kc6 Ba3 60. Kd5
Bb4 61. Ke5 Bc3+ 62. Kf5 Bb4 63. Bf3 Bc3 64. Bd5 Bb4 65. Ke5 Bc3+ 66. Ke4 Bb4
67. Kd3 Ba3 68. Ke4 Bb4 69. Kf5 Ba3 70. Bf3 Bb4 71. Bg4 Ba3 72. Ke4 Bb4 73. Kd5
Ba3 74. Bf5 Bb4 75. Kc6 Ba3 76. Kb6 Bb4 77. Kb5 Kd6 78. Bg4 Ke7 79. Kc6 Ba3 80.
b4 Bxb4 81. Kb5 Kd6 82. Bh3 Ke7 83. Bg4 Kd6 84. Bf3 Kxe6 1/2-1/2

[Event "Titled Tue 26th Aug Early"]
[Site "chess.com INT"]
[Date "2025.08.26"]
[Round "5"]
[White "Williams, Simon K"]
[Black "Brozynski, Patryk"]
[Result "1-0"]
[WhiteTitle "GM"]
[BlackTitle "CM"]
[WhiteElo "2444"]
[BlackElo "2121"]
[WhiteFideId "404454"]
[BlackFideId "2512700"]
[EventDate "2025.08.26"]

1. e4 c5 2. Nf3 e6 3. b4 cxb4 4. d4 d5 5. e5 Nc6 6. a3 a6 7. axb4 Bxb4+ 8. c3
Bf8 9. Bd3 Rb8 10. h4 h6 11. h5 b5 12. O-O b4 13. c4 a5 14. cxd5 exd5 15. Qe2
Nge7 16. Bf4 Be6 17. Nbd2 Nf5 18. Bb5 Qb6 19. Ba4 Be7 20. Rac1 Rc8 21. Nb3 O-O
22. Qd3 Rfd8 23. Rc2 Rc7 24. Rfc1 Rdc8 25. Nc5 Bxc5 26. Rxc5 Nce7 27. g4 Rxc5
28. dxc5 Rxc5 29. gxf5 Rxc1+ 30. Bxc1 Bxf5 31. Qd4 Qc7 32. Bf4 Be6 33. Qd2 Nf5
34. Nd4 Qc4 35. Nxf5 Bxf5 36. Qc1 Qd3 37. e6 fxe6 38. Qe3 Qxe3 39. Bxe3 Bg4 40.
Bb6 Bxh5 41. Bxa5 Kf7 42. Bxb4 Bf3 43. Bc3 g6 44. Be5 Be4 45. Kh2 Bf3 46. Kg3
Be4 47. Kf4 Bf5 48. Ke3 g5 49. Kd4 Kg6 50. Be8+ Kh7 51. Bf7 h5 52. Bf6 Kh6 53.
Ke5 h4 54. Kd6 h3 55. Be5 Kh7 56. Ke7 d4 57. Bh5 d3 58. Bd1 d2 59. Kf6 Kh6 60.
Bg3 Kh7 61. Ke5 Kh6 62. Kd4 Kg6 63. Ke3 1-0

[Event "Titled Tue 26th Aug Early"]
[Site "chess.com INT"]
[Date "2025.08.26"]
[Round "5"]
[White "Aghasiyev, Kamal"]
[Black "Parfenov, Viktor N."]
[Result "1/2-1/2"]
[WhiteTitle "IM"]
[BlackTitle "CM"]
[WhiteElo "2441"]
[BlackElo "2193"]
[WhiteFideId "13402854"]
[BlackFideId "4165969"]
[EventDate "2025.08.26"]

1. e4 e5 2. Nf3 Nc6 3. d4 exd4 4. Nxd4 Nf6 5. Nc3 Bb4 6. Nxc6 bxc6 7. Bd3 d5 8.
exd5 O-O 9. O-O Bg4 10. f3 Bh5 11. Bg5 Bxc3 12. bxc3 Qxd5 13. Bxf6 gxf6 14. Kh1
Rfd8 15. Qe1 Bg6 16. Qg3 Kh8 17. Qxc7 Qd6 18. Qb7 Bxd3 19. cxd3 Rab8 20. Qxf7
Rd7 21. Qc4 Qxd3 22. Qxc6 Qd6 23. Qc4 Rc7 24. Qd4 Qxd4 25. cxd4 Rb2 26. Rac1
Rxc1 27. Rxc1 Rxa2 28. h4 Rd2 29. Rc4 Kg7 30. Kh2 h5 31. Ra4 Kg6 32. Kg3 a6 33.
Kh3 Rd3 34. Kh2 Rd2 35. Kg3 Kf7 36. Ra5 Kg6 37. d5 Rd4 38. Kh3 Rd3 39. Kh2 Rd2
40. Kg3 Rd4 41. Rc5 Kf7 42. d6 Rxd6 43. Rxh5 Rd8 44. Ra5 Ra8 45. Kf4 Kg6 46. g4
Ra7 47. h5+ Kg7 48. Kf5 Kf7 49. f4 Ra8 50. Rc5 a5 51. Rc7+ Kg8 52. Kxf6 a4 53.
Rc2 a3 54. Ra2 Ra6+ 55. Kg5 Kg7 56. f5 Ra4 57. h6+ Kh7 58. Kh5 Ra5 59. Rc2 a2
60. Rc7+ Kg8 61. Kg6 Ra6+ 62. f6 Rxf6+ 63. Kxf6 a1=Q+ 64. Kg6 Qb1+ 65. Kh5 Qh1+
66. Kg6 Qb1+ 67. Kh5 Qh1+ 68. Kg6 Qb1+ 1/2-1/2

[Event "Titled Tue 26th Aug Early"]
[Site "chess.com INT"]
[Date "2025.08.26"]
[Round "5"]
[White "Southcott-Moyers, Indy"]
[Black "Swayham, P Das"]
[Result "1/2-1/2"]
[WhiteTitle "FM"]
[BlackTitle "CM"]
[WhiteElo "2276"]
[BlackElo "2047"]
[WhiteFideId "488542"]
[BlackFideId "25611402"]
[EventDate "2025.08.26"]

1. d4 Nf6 2. Nf3 e6 3. g3 d5 4. Bg2 c5 5. O-O Nc6 6. c4 cxd4 7. Nxd4 Bc5 8. Nb3
Be7 9. cxd5 exd5 10. Nc3 Be6 11. Bg5 O-O 12. Rc1 h6 13. Bxf6 Bxf6 14. Nxd5 Bxb2
15. Rc2 Be5 16. Rd2 Bxd5 17. Rxd5 Qf6 18. Nc5 Rfd8 19. Nd7 Qe7 20. Nxe5 Nxe5 21.
Qb3 Rxd5 22. Bxd5 Rb8 23. Rc1 b6 24. Kg2 Rd8 25. e4 Kh7 26. h3 f6 27. Qe3 Qd7
28. Rc3 Ng6 29. Qc1 Qd6 30. Rc7 Rd7 31. Rc8 Ne7 32. Qc2 f5 33. Kh2 Nxd5 34. exd5
Qxd5 35. Rf8 Kg6 36. g4 Qe5+ 37. Kg2 Qe4+ 38. Qxe4 fxe4 39. Re8 Rd2 40. a3 Ra2
41. Rxe4 Rxa3 42. Re6+ Kf7 43. Rc6 b5 44. f4 b4 45. h4 a5 46. g5 Rc3 47. Rb6
hxg5 48. hxg5 g6 49. Rb7+ Ke6 50. Rb6+ Kf5 51. Rb5+ Kg4 52. Rxa5 Kxf4 53. Rb5
Rc4 54. Kf2 Rd4 55. Kg2 Kg4 56. Kf2 Kf4 57. Kg2 Ke3 58. Kg3 Kd3 59. Rb6 Kc2 60.
Rxg6 b3 61. Rc6+ Kd2 62. Rb6 Kc2 63. g6 Rd7 64. Kg4 b2 65. Kg5 b1=Q 66. Rxb1
Kxb1 67. Kh6 Rd6 68. Kh7 Kc2 69. g7 Rd7 70. Kh8 Rxg7 71. Kxg7 1/2-1/2